| 000 | 02176cam a22005414i 4500 | ||
|---|---|---|---|
| 003 | PE-LiUPU | ||
| 005 | 20250731180150.0 | ||
| 008 | 150706s r 000 0 d | ||
| 020 | _a9786074816808 | ||
| 035 | _a(Sirsi) i9786074816808 | ||
| 040 |
_aPE-LiUPU _bspa _cPE-LiUPU _erda |
||
| 049 | _aPRUA | ||
| 082 | 0 | 4 |
_a515 _bC5 _221 |
| 245 | 0 | 0 |
_aCálculo aplicado : _bcompetencias matemáticas a través de contextos / _cNorma Patricia Salinas Martínez. [et al.]. |
| 264 | 1 |
_aMéxico : _bCengage Learning, _cD.R.2012. |
|
| 300 |
_ax, 435 páginas : _bilustraciones ; _c27 cm. |
||
| 336 |
_atext _2rdacontent |
||
| 337 |
_aunmediated _2rdamedia |
||
| 338 |
_avolume _2rdacarrier |
||
| 505 | 0 | _aLa problemática -- Estudio del cambio uniforme: Modelo lineal -- Cálculo del valor aproximado del cambio acumulado -- Cálculo del valor exacto del cambio acumulado: Modelo polinomio -- Estudio cualitativo del cambio NO uniforme: Modelo cuadrático -- Estudio cualitativo del cambio NO uniforme: Modelo cúbico -- Valor exacto del cambio acumulado: Modelo exponencial -- Valor exacto del cambio acumulado: Modelo trigonométrico -- Nuevos modelos. | |
| 526 | _aSEG44 | ||
| 526 | _aSEG26 | ||
| 526 | _aP159 | ||
| 526 | _aP155 | ||
| 526 | _aP154 | ||
| 526 | _aP153 | ||
| 526 | _aP150 | ||
| 526 | _aP100 | ||
| 526 | _aP31 | ||
| 526 | _aP30 | ||
| 526 | _aP26 | ||
| 526 | _aP25 | ||
| 526 | _aP24 | ||
| 526 | _aP22 | ||
| 526 | _aP15 | ||
| 526 | _aP10 | ||
| 541 | _g015-0015322; | ||
| 650 | 1 | 4 | _aCálculo. |
| 700 | 1 | _aSalinas Martínez, Norma Patricia | |
| 700 | 1 |
_aAlanís Rodríguez, Juan Antonio, _eautor. |
|
| 700 | 1 |
_aGarza García, José Luis, _eautor. |
|
| 910 |
_cng _d20120522 |
||
| 942 |
_2ddc _cBOOK |
||
| 949 |
_a515 C5 1 _wDEWEY _c1 _i67239 _lCCODEBUL1 _mBUL _p50.00 _r0 _sY _tBOOK _u2015-7-6 _xINGENIERIA _zUNKNOWN _o.STAFF. Colección General |
||
| 994 |
_aC0 _bPEPRU |
||
| 596 | _a1 | ||
| 999 |
_a515 C5 1 _wDEWEY _c54827 _i67239 _d54827 _e2017-6-8 _f2021-11-9 _g7 _lCCODEBUL1 _mBUL _n3 _p50.00 _q1 _r0 _sY _tBOOK _u2015-7-6 _xINGENIERIA _zUNKNOWN _0COMPRA _o.STAFF. Colección General |
||
| 980 |
_81 _gALBERTO SANCHEZ Responsable de Automatización |
||